• Navarra (Reino)

di Geographic Name

Records bibliografici associati: 1

001 - CONTROL NUMBER

  • control field: 35661

003 - CONTROL NUMBER IDENTIFIER

  • control field: IT-RoINE

005 - DATE AND TIME OF LATEST TRANSACTION

  • control field: 20170612134346.0

008 - FIXED-LENGTH DATA ELEMENTS

  • fixed length control field: 170612|| aca||aabn | a|a d

040 ## - CATALOGING SOURCE

  • Original cataloging agency: IT-RoINE
  • Transcribing agency: IT-RoINE

151 ## - HEADING--GEOGRAPHIC NAME

  • Geographic name: Navarra (Reino)
  • General subdivision: Historia eclesiástica
  • Chronological subdivision: Siglos 11o.-12o.

670 ## - SOURCE DATA FOUND

  • Source citation: Work cat.: (IT-RoINE)12168: Gavira Martin, José, 1903-1951 24823, Estudios sobre la Iglesia española medieval :, 1929.